00479nam a2200157Ia 4500008004100000040001900041041001200060082002400072100001500096245010200111260003900213300002400252504001900276650000800295850001800303131103s9999 xx 000 0 und d aLoreto College aEnglish a740/MOCbLCBED/2170 aMock, Ruth aPrinciples of art teachingb a handbook for teachers in primary and secondary schools cRuth Mock aLondonbUniversity of Londonc1959 a95p.b pic.c 21cm. aIncludes index aArt aLCBED/740/MOC